Responses for Show #8683 - Wednesday, July 13, 2022

Contestants

[<< previous game]

Jin-Soo Huh, an education nonprofit employee from Chicago, Illinois

Emily Fiasco, a middle school band director from St. Louis, Missouri

Steve Clarke, a lawyer from Chesapeake, Virginia (whose 2-day cash winnings total $38,400)

[next game >>]

Jeopardy! Round responses

QUOTING THE KING JAMES BIBLE
MAKING MONEY
REEL ESTATE
WELSH FOLK
SHORES
HORSES, ANAGRAMMED
    $200 1
green pastures

Steve
    $200 6
(Steve: What is used?)

counterfeited

Steve
Triple Stumper
    $200 10
St. Louis

Jin-Soo
    $200 17
Tudor

Triple Stumper
    $200 13
Tripoli

Emily
    $200 22
thoroughbred

Steve
    $400 2
pride

Steve
    $400 7
(Emily: What is the $5 bill?)

the $2 bill

SteveEmily
    $400 11
Tara

Steve
    $400 27
Dylan Thomas

Emily
    $400 14
the Gulf of Mexico

Steve
    $400 23
mustang

Steve
    $600 3
Ruth

Steve
    $600 8
Hawaii

Triple Stumper
    $600 18
Tahoe

Jin-Soo
    $600 28
Catherine Zeta-Jones

Triple Stumper
    $600 15
the St. Lawrence

Steve
    $600 24
stallion

Steve
    $800 4
the flesh is weak

Steve
    $800 9
pesos

Emily
    $800 19
Back to the Future

Emily
    $800 29
Roald Dahl

Steve
    $800 16
the Dominican Republic

Emily
    $800 25
Arabian

Steve
    $2,000 5
(Mayim: Well done, and you ran that category.)
[Applause]

Jesus wept

Steve
    $1000 12
the Liberty Bell

Triple Stumper
    $1000 20
To Catch a Thief

Triple Stumper
    $1000 30
Don Giovanni

Steve
    $1000 21
(Jin-Soo: What is the Adriatic Peninsula?)

the Iberian Peninsula

SteveJin-Soo
    $1000 26
Clydesdale

Emily

Scores at the first commercial break (after clue 15):

Steve Emily Jin-Soo
$5,600 $600 $200

Scores at the end of the Jeopardy! Round:

Steve Emily Jin-Soo
$10,400 $3,600 -$200

Double Jeopardy! Round responses

PRESIDENTIAL GLOBETROTTING
PLAYS & PLAYWRITING
ANTARCTICA
HODGEPODGE
TV COMEDY
WORD "L"
(Mayim: Each response begins with "L".)
    $400 7
(Emily: What is Canberra?)

Ottawa

Emily
Triple Stumper
    $400 25
King Lear

Steve
    $400 21
South America

Steve
    $400 12
a bridge

Steve
    $400 1
Alex

Triple Stumper
    $400 3
laboratory

Jin-Soo
    $800 8
Berlin

Steve
    $800 27
the antagonist

Emily
    $800 22
penguins

Steve
    $800 13
venti

Emily
    $800 2
The Wonder Years

Steve
    $800 17
a league

Steve
    $2,500 9
(Herbert) Hoover

Steve
    $1200 28
(Emily: What is sales?)
(Mayim: More specific?)

real estate sales

Emily
    $1200 23
Amundsen

Steve
    $1200 14
the Day of the Dead (Día de los Muertos)

Emily
    $1200 4
Broad City

Emily
    $1200 18
leaven

Steve
    $1600 10
Romania

Steve
    $2,000 29
(Emily: What is 9?)
(Mayim: I'm sorry, no, [*] to make up the jury.)

12

Emily
    $1600 24
the ozone layer

Emily
    $1600 15
the French bulldog

Triple Stumper
    $1600 5
Peter Boyle

Jin-Soo
    $1600 19
(Steve: What is lance?)

lacerate

Steve
Triple Stumper
    $2000 11
Mubarak

Emily
    $2000 30
Neil Simon

Triple Stumper
    $2000 26
(Steve: What is Sputnik?)
(Jin-Soo: What is Volga?)

Vostok

SteveJin-Soo
Triple Stumper
    $2000 16
Gatwick

Emily
    $2000 6
[Emily does not include "A" in her response.]

A Black Lady Sketch Show

Emily
    $2000 20
laconic

Triple Stumper

Scores at the end of the Double Jeopardy! Round:

Steve Emily Jin-Soo
$17,700 $14,000 -$200

[wagering suggestions for these scores]

Final Jeopardy! Round responses

STATE MOTTOS
(Mayim: It's California's motto and it's from what Archimedes supposedly said after his discovery in the bathtub.)
EmilyWhat is Eureka?
$14,000
SteveWhat is corpus christi?
$10,301
Eureka

Final scores:

Steve Emily Jin-Soo
$7,399 $28,000 -$200
2nd place: $2,000 New champion: $28,000 3rd place: $1,000

Game dynamics:

Coryat scores:

Steve Emily Jin-Soo
$15,400 $16,000 -$200
27 R
(including 2 DDs),
3 W
15 R,
3 W
(including 1 DD)
4 R,
2 W

Combined Coryat: $31,200

[game clues] [game scores] [suggest correction]

Game tape date: 2022-05-06
The J! Archive is created by fans, for fans. Scraping, republication, monetization, and malicious use prohibited; this site may use cookies and collect identifying information. See terms. The Jeopardy! game show and all elements thereof, including but not limited to copyright and trademark thereto, are the property of Jeopardy Productions, Inc. and are protected under law. This website is not affiliated with, sponsored by, or operated by Jeopardy Productions, Inc. Join the discussion at JBoard.tv.